000 00310nam a2200145Ia 4500
100 _aGraham/Frank D
942 _cBK
654 _aEngineers Guide
245 _aPower Plant Engineers Guide
260 _bAudels
_aNewyork
_c1948
082 _a621.3
_bGRA
300 _a1474
546 _aENGLISH
999 _c24026
_d24026